[Event "22. Torneo de Otoño C.C.C. 2017"]
[Site "Colmenarejo ESP"]
[Date "2017.10.01"]
[Round "3.2"]
[White "Minguez Greciano, Iluminada"]
[Black "Vazquez Rodriguez, Maria Elena"]
[Result "1-0"]
[WhiteElo "1836"]
[BlackElo "1561"]
[PlyCount "65"]
[EventDate "2017.09.17"]
[EventType "swiss"]
[EventRounds "7"]
[EventCountry "ESP"]
[SourceTitle "Ajedrez en Madrid"]
[Source "lmi"]
[SourceDate "2017.09.17"]

1. c4 Nf6 2. g3 g6 3. Bg2 Bg7 4. Nc3 c6 5. e4 d6 6. d4 Nbd7 7. f4 Qc7 8. e5
dxe5 9. dxe5 Ng8 10. Be3 Nh6 11. Nf3 Qa5 12. Nd4 Qb4 13. Qb3 Qxb3 14. Nxb3 Ng4
15. Bg1 h5 16. Ne4 Nb6 17. Nbd2 h4 18. h3 Nh6 19. g4 Nd7 20. O-O-O f5 21. Nf2
fxg4 22. hxg4 Nc5 23. Bf3 Rf8 24. Bh2 Bxe5 25. fxe5 Rxf3 26. Nxf3 Nxg4 27. Nxg4
Bxg4 28. Rhf1 g5 29. Rd4 Bh3 30. Rg1 Ne6 31. Rd2 g4 32. Nxh4 Nf4 33. Bxf4 1-0

[Event "22. Torneo de Otoño C.C.C. 2017"]
[Site "Colmenarejo ESP"]
[Date "2017.10.01"]
[Round "3.3"]
[White "Orta Vazquez, Mario"]
[Black "Peña Hernandez, Francisco"]
[Result "0-1"]
[WhiteElo "1424"]
[BlackElo "1516"]
[PlyCount "88"]
[EventDate "2017.09.17"]
[EventType "swiss"]
[EventRounds "7"]
[EventCountry "ESP"]
[SourceTitle "Ajedrez en Madrid"]
[Source "lmi"]
[SourceDate "2017.09.17"]

1. c4 g6 2. Nf3 c5 3. Nc3 Bg7 4. d4 cxd4 5. Nxd4 Nc6 6. e3 e6 7. Be2 Nge7 8.
O-O O-O 9. Nxc6 bxc6 10. Qc2 Qc7 11. Rd1 d5 12. b3 f5 13. Rb1 Bb7 14. Ba3 Rf7
15. c5 e5 16. Bb2 e4 17. Bf1 f4 18. exf4 Qxf4 19. Bc1 Qh4 20. g3 Qf6 21. Bb2
Raf8 22. Nxe4 Qf5 23. Bxg7 Rxg7 24. Bd3 dxe4 25. Bxe4 Qg4 26. f3 Qh3 27. f4 Nf5
28. Bg2 Qg4 29. Qf2 Re7 30. Bf3 Qh3 31. Bg2 Qh6 32. Rd2 Rfe8 33. Rbd1 Ne3 34.
Re1 Ng4 35. Rxe7 Qxh2+ 36. Kf1 Ba6+ 37. Qe2 Bxe2+ 38. Rdxe2 Rxe7 39. Rxe7 Kf8
40. Re6 Qxg3 41. Re2 Qxf4+ 42. Kg1 Qd4+ 43. Kf1 Qxc5 44. Re6 Qf5+ 0-1

[Event "22. Torneo de Otoño C.C.C. 2017"]
[Site "Colmenarejo ESP"]
[Date "2017.10.01"]
[Round "3.4"]
[White "Mataix Fernandez, Ricardo"]
[Black "Perez De Villar Munoz, Eusebio"]
[Result "0-1"]
[WhiteElo "1762"]
[BlackElo "1999"]
[PlyCount "74"]
[EventDate "2017.09.17"]
[EventType "swiss"]
[EventRounds "7"]
[EventCountry "ESP"]
[SourceTitle "Ajedrez en Madrid"]
[Source "lmi"]
[SourceDate "2017.09.17"]

1. e4 e5 2. f4 exf4 3. Nf3 Be7 4. Bc4 Bh4+ 5. Kf1 d6 6. d4 Be7 7. Bxf4 Nf6 8.
Nc3 O-O 9. Qd2 c6 10. Bb3 b5 11. e5 Nh5 12. exd6 Bxd6 13. Bg5 Qc7 14. Ne4 Bf4
15. Bxf4 Nxf4 16. Nf2 Be6 17. Nd3 Nxd3 18. Qxd3 Bxb3 19. Qxb3 Nd7 20. Kf2 Nf6
21. Rhe1 Rae8 22. Kg1 a6 23. c3 c5 24. h3 cxd4 25. cxd4 Qg3 26. Qc2 Nd5 27. Qf2
Qf4 28. Ne5 f6 29. Qxf4 Nxf4 30. Nf3 Nd3 31. Reb1 Re2 32. a4 Nf4 33. axb5 axb5
34. Ra5 Rxg2+ 35. Kf1 Rc8 36. Rxb5 Rcc2 37. Ne1 Rcf2# 0-1

[Event "22. Torneo de Otoño C.C.C. 2017"]
[Site "Colmenarejo ESP"]
[Date "2017.10.01"]
[Round "3.5"]
[White "Garcia Diaz, Alejandro"]
[Black "Olmedo Aznar, Eduardo"]
[Result "1/2-1/2"]
[WhiteElo "1763"]
[BlackElo "1542"]
[PlyCount "89"]
[EventDate "2017.09.17"]
[EventType "swiss"]
[EventRounds "7"]
[EventCountry "ESP"]
[SourceTitle "Ajedrez en Madrid"]
[Source "lmi"]
[SourceDate "2017.09.17"]

1. d4 Nf6 2. c4 e5 3. dxe5 Ng4 4. e4 Nxe5 5. Nf3 Nxf3+ 6. Qxf3 d6 7. Bd2 Nc6 8.
Na3 Be6 9. Bc3 Qg5 10. Be2 Ne5 11. Qg3 Qxg3 12. hxg3 O-O-O 13. f4 Nc6 14. Kf2
f5 15. exf5 Bxf5 16. Rae1 d5 17. cxd5 Rxd5 18. Rh5 Bc5+ 19. Kf1 Rg8 20. Nc4 Nd4
21. Bxd4 Bxd4 22. Rd1 c5 23. Bf3 Rgd8 24. Bxd5 Rxd5 25. Ne5 Bg4 26. Rxd4 cxd4
27. Rg5 Bd7 28. Rxg7 Bb5+ 29. Ke1 d3 30. Kd2 Bc6 31. Rxh7 Rb5 32. Nxc6 Rxb2+
33. Kxd3 bxc6 34. Rxa7 Rxg2 35. Rg7 Rxa2 36. g4 Ra4 37. Rh7 Kd8 38. g5 Ke8 39.
g6 c5 40. f5 Rd4+ 41. Ke3 Rg4 42. Kf3 Rg1 43. f6 Rxg6 44. Rc7 Rxf6+ 45. Ke4
1/2-1/2

[Event "22. Torneo de Otoño C.C.C. 2017"]
[Site "Colmenarejo ESP"]
[Date "2017.10.01"]
[Round "3.6"]
[White "Guerra Pantojo, Daniel"]
[Black "Juez Gastanaga, Aitor"]
[Result "0-1"]
[WhiteElo "1390"]
[BlackElo "1718"]
[PlyCount "96"]
[EventDate "2017.09.17"]
[EventType "swiss"]
[EventRounds "7"]
[EventCountry "ESP"]
[SourceTitle "Ajedrez en Madrid"]
[Source "lmi"]
[SourceDate "2017.09.17"]

1. e4 c5 2. Nf3 d6 3. d4 cxd4 4. Nxd4 Nf6 5. Nc3 g6 6. g3 Bg7 7. Bg2 O-O 8. O-O
Qb6 9. h3 Nxe4 10. Be3 Nxc3 11. bxc3 Qc7 12. Qd2 Nc6 13. Nxc6 bxc6 14. Bh6 Be6
15. Bxg7 Kxg7 16. Rfe1 Rab8 17. Re4 h6 18. h4 Bd5 19. Rb4 Bxg2 20. Kxg2 Rxb4
21. cxb4 c5 22. bxc5 Qxc5 23. Re1 e6 24. Rd1 d5 25. Qd4+ Qxd4 26. Rxd4 Rc8 27.
Rd2 Rc3 28. Kf1 Kf6 29. Ke1 Ke5 30. Re2+ Kd4 31. Kd1 Ra3 32. Kc1 Kc3 33. Re3+
Kb4 34. Re2 Rf3 35. Kb2 a5 36. Kb1 Kc3 37. Kc1 d4 38. Kb1 Rf5 39. Kc1 Rb5 40.
Rd2 a4 41. Rd3+ Kc4 42. a3 f5 43. Kd2 e5 44. Kc1 e4 45. Rd2 Kc3 46. Kd1 Rb1+
47. Ke2 Rb2 48. Kd1 d3 0-1

[Event "22. Torneo de Otoño C.C.C. 2017"]
[Site "Colmenarejo ESP"]
[Date "2017.10.01"]
[Round "3.7"]
[White "Melcon Diez, Enrique"]
[Black "Olmedo Alvarez, Marcos"]
[Result "1-0"]
[WhiteElo "1634"]
[BlackElo "1360"]
[PlyCount "113"]
[EventDate "2017.09.17"]
[EventType "swiss"]
[EventRounds "7"]
[EventCountry "ESP"]
[SourceTitle "Ajedrez en Madrid"]
[Source "lmi"]
[SourceDate "2017.09.17"]

1. c4 c5 2. Nc3 Nc6 3. Nf3 g6 4. e3 Bg7 5. d4 cxd4 6. exd4 Nf6 7. d5 Nb4 8. a3
Na6 9. Bd3 d6 10. h3 O-O 11. O-O Nc5 12. Bc2 Qb6 13. Be3 Qxb2 14. Nb5 Nfe4 15.
Bd4 Nc3 16. Nxc3 Bxd4 17. Qxd4 Qxc2 18. Ra2 Qd3 19. Re1 Qxd4 20. Nxd4 e5 21.
dxe6 Bxe6 22. Nxe6 Nxe6 23. Nb5 Rfd8 24. Rd2 Rac8 25. Nxd6 Rc6 26. Red1 Rd7 27.
Nb5 Rxd2 28. Rxd2 Rxc4 29. Nxa7 Rc1+ 30. Kh2 Kg7 31. Rb2 Nc5 32. Nb5 Nd3 33.
Rd2 Ne5 34. Rd5 Re1 35. f4 Nc4 36. Rd7 Ne3 37. Nd6 Nf1+ 38. Kg1 Nd2+ 39. Kf2
Re6 40. Nxf7 Ne4+ 41. Kf3 Nc5 42. Rc7 Rc6 43. Rxc6 bxc6 44. Ne5 h5 45. Nxc6 Kf6
46. g4 hxg4+ 47. hxg4 Nd7 48. a4 Ke6 49. Ne5 Nxe5+ 50. fxe5 Kxe5 51. a5 Kd6 52.
a6 Kc7 53. a7 Kb7 54. Kf4 Kxa7 55. Kg5 Kb7 56. Kxg6 Kc7 57. Kf7 1-0

[Event "22. Torneo de Otoño C.C.C. 2017"]
[Site "Colmenarejo ESP"]
[Date "2017.10.01"]
[Round "3.8"]
[White "Olmedo Alvarez, Jesus"]
[Black "Dominguez Coig, Alvaro"]
[Result "1/2-1/2"]
[WhiteElo "1344"]
[BlackElo "1575"]
[PlyCount "107"]
[EventDate "2017.09.17"]
[EventType "swiss"]
[EventRounds "7"]
[EventCountry "ESP"]
[SourceTitle "Ajedrez en Madrid"]
[Source "lmi"]
[SourceDate "2017.09.17"]

1. d4 Nf6 2. Nf3 e6 3. c4 b6 4. Nc3 Bb7 5. e3 Bb4 6. Bd2 O-O 7. Bd3 d6 8. Qc2
Bxf3 9. gxf3 d5 10. O-O-O a5 11. Rdg1 Qd7 12. h4 Na6 13. Rg5 Bxc3 14. Bxc3 Nb4
15. Bxb4 axb4 16. b3 dxc4 17. Qxc4 Rxa2 18. Rhg1 g6 19. h5 Ra1+ 20. Bb1 c5 21.
Kb2 Qa7 22. hxg6 hxg6 23. Kc2 Qb7 24. Kd2 Rxb1 25. Rxg6+ Kh7 26. Rg7+ Kh6 27.
Rxb1 Kxg7 28. Rg1+ Kh8 29. dxc5 bxc5 30. Qh4+ Nh7 31. Qg4 Qd5+ 32. Ke2 Qe5 33.
f4 Qf6 34. Rh1 Rg8 35. Qh5 Qf5 36. Qxf5 exf5 37. Rh5 Rc8 38. Rxf5 Kg7 39. Kd3
Nf6 40. f3 Ne8 41. Rg5+ Kf6 42. Rd5 Ke6 43. Re5+ Kd6 44. Kc4 Nf6 45. Rf5 Ke6
46. Rxc5 Rxc5+ 47. Kxc5 Nd5 48. f5+ Ke5 49. e4 Ne3 50. Kxb4 Kf4 51. Kc5 Kxf3
52. b4 Kxe4 53. f6 Nd5 54. Kd6 1/2-1/2

[Event "22. Torneo de Otoño C.C.C. 2017"]
[Site "Colmenarejo ESP"]
[Date "2017.10.01"]
[Round "3.9"]
[White "Criado Herrero, Luis"]
[Black "Bahillo Vallejo, Ignacio"]
[Result "1-0"]
[WhiteElo "1526"]
[BlackElo "1263"]
[PlyCount "65"]
[EventDate "2017.09.17"]
[EventType "swiss"]
[EventRounds "7"]
[EventCountry "ESP"]
[SourceTitle "Ajedrez en Madrid"]
[Source "lmi"]
[SourceDate "2017.09.17"]

1. e4 e5 2. Nf3 Nc6 3. Bb5 a6 4. Ba4 b5 5. Bb3 Bc5 6. c3 d6 7. d3 Bg4 8. O-O h6
9. Re1 Nf6 10. Be3 Bxe3 11. Rxe3 O-O 12. Nbd2 Re8 13. Qf1 Rb8 14. Rc1 Qd7 15.
a3 d5 16. Qe1 Qd6 17. Nh4 Ne7 18. g3 Rbd8 19. f3 Bh5 20. Qf2 Bg6 21. Nxg6 Nxg6
22. Rd1 c6 23. c4 d4 24. Ree1 Nh5 25. Rc1 c5 26. cxb5 axb5 27. a4 bxa4 28. Bxa4
Rf8 29. Nc4 Qa6 30. Ra1 Qe6 31. Qg2 f5 32. Nd2 Nf6 33. Bb3 1-0

[Event "22. Torneo de Otoño C.C.C. 2017"]
[Site "Colmenarejo ESP"]
[Date "2017.10.01"]
[Round "3.11"]
[White "Fernandez Pello-San Roman, Aaron"]
[Black "Martin Andres, Carlos"]
[Result "0-1"]
[WhiteElo "1102"]
[BlackElo "1559"]
[PlyCount "86"]
[EventDate "2017.09.17"]
[EventType "swiss"]
[EventRounds "7"]
[EventCountry "ESP"]
[SourceTitle "Ajedrez en Madrid"]
[Source "lmi"]
[SourceDate "2017.09.17"]

1. e4 e6 2. Nf3 d5 3. Nc3 Nc6 4. d4 Bb4 5. e5 Nge7 6. Bg5 Nb8 7. Bb5+ c6 8. Ba4
Qa5 9. Bb3 b6 10. Bd2 b5 11. a3 Bxc3 12. Bxc3 Qd8 13. O-O a5 14. a4 b4 15. Bd2
Ba6 16. Re1 Bc4 17. Bxc4 dxc4 18. c3 b3 19. Bg5 Qd5 20. Bxe7 Kxe7 21. Qd2 h6
22. Qe2 Nd7 23. Nd2 Nb6 24. Ne4 Rhd8 25. Qg4 Kf8 26. Qh5 Ra7 27. Qh4 Re7 28.
Ng5 Red7 29. Nh3 Ra7 30. Ng5 hxg5 31. Qh8+ Ke7 32. Qxg7 Rf8 33. Qxg5+ Ke8 34.
h4 Qd8 35. Qh6 Kd7 36. Qg7 Kc8 37. h5 Rh8 38. h6 Rg8 39. Qh7 Qg5 40. g3 Qg6 41.
Qxg6 Rxg6 42. h7 Rh6 43. h8=N Rxh8 0-1

[Event "22. Torneo de Otoño C.C.C. 2017"]
[Site "Colmenarejo ESP"]
[Date "2017.10.01"]
[Round "3.12"]
[White "Perez Rodrigo, Alicia"]
[Black "Fernandez Pello-San Roman, Daniel"]
[Result "1-0"]
[WhiteElo "1377"]
[BlackElo "1307"]
[PlyCount "43"]
[EventDate "2017.09.17"]
[EventType "swiss"]
[EventRounds "7"]
[EventCountry "ESP"]
[SourceTitle "Ajedrez en Madrid"]
[Source "lmi"]
[SourceDate "2017.09.17"]

1. d4 d5 2. c4 e6 3. Nc3 c5 4. cxd5 exd5 5. Nf3 Nf6 6. Bg5 Be6 7. e4 h6 8. Bxf6
Qxf6 9. dxc5 dxe4 10. Qa4+ Nc6 11. Nxe4 Qe7 12. Nd6+ Kd7 13. Be2 Kc7 14. Qf4
Kd8 15. Rd1 Bd7 16. Nxf7+ Kc8 17. Nxh8 Be8 18. Qc4 Kc7 19. O-O Na5 20. Qf4+ Kc8
21. Rfe1 Bh5 22. Qf5+ 1-0

[Event "22. Torneo de Otoño C.C.C. 2017"]
[Site "Colmenarejo ESP"]
[Date "2017.10.01"]
[Round "3.13"]
[White "Rapaport, Andres Natalio"]
[Black "Garcia Fernandez, Jose Luis"]
[Result "0-1"]
[WhiteElo "1362"]
[BlackElo "1759"]
[PlyCount "53"]
[EventDate "2017.09.17"]
[EventType "swiss"]
[EventRounds "7"]
[EventCountry "ESP"]
[SourceTitle "Ajedrez en Madrid"]
[Source "lmi"]
[SourceDate "2017.09.17"]

1. d4 d5 2. Bf4 c6 3. e3 Qb6 4. b3 Nf6 5. Bd3 Nbd7 6. Nf3 Ne4 7. O-O Ndf6 8.
Nbd2 e6 9. Nxe4 dxe4 10. Be2 Bd7 11. Nd2 c5 12. Be5 Qc6 13. Nc4 b5 14. Nb2 Be7
15. f3 O-O 16. fxe4 Rfd8 17. Bf3 Rac8 18. Bxf6 gxf6 19. e5 Qc7 20. Bh5 f5 21.
g4 Kh8 22. Bxf7 Rf8 23. Bh5 Rg8 24. Qf3 Rcf8 25. Qh3 Qb7 26. Kf2 fxg4+ 27. Ke2
0-1

[Event "22. Torneo de Otoño C.C.C. 2017"]
[Site "Colmenarejo ESP"]
[Date "2017.10.01"]
[Round "3.14"]
[White "Anton Ortiz, Javier"]
[Black "Peña Negueruela, Francisco"]
[Result "0-1"]
[WhiteElo "1201"]
[BlackElo "1286"]
[PlyCount "96"]
[EventDate "2017.09.17"]
[EventType "swiss"]
[EventRounds "7"]
[EventCountry "ESP"]
[SourceTitle "Ajedrez en Madrid"]
[Source "lmi"]
[SourceDate "2017.09.17"]

1. e4 e5 2. Nf3 Nc6 3. Bb5 a6 4. Bxc6 bxc6 5. Nxe5 Qe7 6. d4 Bb7 7. Nc3 Nf6 8.
Bg5 O-O-O 9. Nf3 h6 10. Bxf6 Qxf6 11. e5 Qe6 12. Qd2 d6 13. O-O-O d5 14. Na4 g5
15. h3 Bg7 16. Nc5 Qg6 17. Qb4 Ba8 18. Nxa6 Bf8 19. Qb8+ Kd7 20. Qxc7+ Ke8 21.
Qa5 c5 22. Nc7+ Kd7 23. Nxa8 Qc6 24. Nb6+ Ke6 25. b3 Qc7 26. dxc5 Bxc5 27. Nd4+
Kxe5 28. Rhe1+ Kf6 29. Nd7+ Rxd7 30. Qxc7 Rxc7 31. Nb5 Rb7 32. Nc3 Ba3+ 33. Kb1
Bb4 34. Nxd5+ Kg7 35. Nxb4 Rxb4 36. c3 Rb7 37. Rd6 Ra8 38. a4 Rxb3+ 39. Kc2 Ra3
40. c4 R3xa4 41. Kc3 Ra3+ 42. Kd4 Ra2 43. Rf1 Rd2+ 44. Kc5 Re2 45. Kb6 Rb2+ 46.
Kc5 Ra5+ 47. Kc6 Ra6+ 48. Kd7 Ra7+ 0-1

[Event "22. Torneo de Otoño C.C.C. 2017"]
[Site "Colmenarejo ESP"]
[Date "2017.10.08"]
[Round "4.1"]
[White "Minguez Greciano, Iluminada"]
[Black "Lopez Perolio, Jorge"]
[Result "0-1"]
[WhiteElo "1836"]
[BlackElo "1957"]
[PlyCount "86"]
[EventDate "2017.09.17"]
[EventType "swiss"]
[EventRounds "7"]
[EventCountry "ESP"]
[SourceTitle "Ajedrez en Madrid"]
[Source "lmi"]
[SourceDate "2017.09.17"]

1. c4 b6 2. Nc3 Bb7 3. e4 e6 4. g3 f5 5. d3 Nf6 6. Bg2 Bb4 7. Bd2 O-O 8. Nge2
fxe4 9. Nxe4 Bxd2+ 10. Qxd2 Nxe4 11. dxe4 e5 12. O-O d6 13. b4 Nd7 14. Nc3 Re8
15. Rac1 Nf8 16. f4 Ne6 17. f5 Nd4 18. Ne2 Nxe2+ 19. Qxe2 Qg5 20. Rc3 Rf8 21.
h4 Qe7 22. Qg4 a5 23. b5 Rae8 24. Qh3 Bc8 25. g4 Kh8 26. g5 g6 27. f6 Bxh3 28.
fxe7 Rxf1+ 29. Bxf1 Bxf1 30. Kxf1 Rxe7 31. Rf3 Kg7 32. a4 Rf7 33. Ke2 Rxf3 34.
Kxf3 Kf7 35. Ke3 Ke7 36. Kd3 Kd7 37. Kc3 c6 38. Kd3 cxb5 39. cxb5 Ke6 40. Kc4
d5+ 41. Kd3 d4 42. Kc2 Kd6 43. Kb3 Kc5 0-1

[Event "22. Torneo de Otoño C.C.C. 2017"]
[Site "Colmenarejo ESP"]
[Date "2017.10.08"]
[Round "4.2"]
[White "Perez De Villar Munoz, Eusebio"]
[Black "Peña Hernandez, Francisco"]
[Result "1-0"]
[WhiteElo "1999"]
[BlackElo "1516"]
[PlyCount "59"]
[EventDate "2017.09.17"]
[EventType "swiss"]
[EventRounds "7"]
[EventCountry "ESP"]
[SourceTitle "Ajedrez en Madrid"]
[Source "lmi"]
[SourceDate "2017.09.17"]

1. e4 e5 2. Nf3 d6 3. d4 exd4 4. Nxd4 g6 5. Bc4 Bg7 6. O-O Nf6 7. Nc3 O-O 8.
Bg5 c6 9. a4 Qc7 10. h3 Nbd7 11. Qd2 Ne5 12. Bb3 b6 13. f4 Ned7 14. Rad1 Ba6
15. Rfe1 Nc5 16. f5 Nxb3 17. Nxb3 Rad8 18. Nd4 Rfe8 19. b4 Bc4 20. b5 c5 21.
Nc6 Rd7 22. Bxf6 Bxf6 23. e5 Bg7 24. Nd5 Bxd5 25. Qxd5 gxf5 26. e6 fxe6 27.
Rxe6 Rxe6 28. Qxe6+ Kh8 29. Qe8+ Bf8 30. Qxf8# 1-0

[Event "22. Torneo de Otoño C.C.C. 2017"]
[Site "Colmenarejo ESP"]
[Date "2017.10.08"]
[Round "4.3"]
[White "Juez Gastanaga, Aitor"]
[Black "Criado Herrero, Luis"]
[Result "1-0"]
[WhiteElo "1718"]
[BlackElo "1526"]
[PlyCount "53"]
[EventDate "2017.09.17"]
[EventType "swiss"]
[EventRounds "7"]
[EventCountry "ESP"]
[SourceTitle "Ajedrez en Madrid"]
[Source "lmi"]
[SourceDate "2017.09.17"]

1. e4 c5 2. Nf3 d6 3. d4 cxd4 4. c3 dxc3 5. Nxc3 Nc6 6. Bc4 e6 7. O-O Nf6 8.
Qe2 Be7 9. Rd1 Qc7 10. Bf4 e5 11. Nb5 Qb8 12. Bg5 a6 13. Bxf6 gxf6 14. Nc3 Bg4
15. h3 Bh5 16. g4 Rg8 17. Kh2 Bg6 18. Rac1 h5 19. Nd5 Qd8 20. Nh4 Nd4 21. Rxd4
exd4 22. Nc7+ Kf8 23. Nxa8 Qxa8 24. Nxg6+ Rxg6 25. gxh5 Rh6 26. Qg4 Rh8 27. Bd5
1-0

[Event "22. Torneo de Otoño C.C.C. 2017"]
[Site "Colmenarejo ESP"]
[Date "2017.10.08"]
[Round "4.4"]
[White "Olmedo Aznar, Eduardo"]
[Black "Melcon Diez, Enrique"]
[Result "1/2-1/2"]
[WhiteElo "1542"]
[BlackElo "1634"]
[PlyCount "114"]
[EventDate "2017.09.17"]
[EventType "swiss"]
[EventRounds "7"]
[EventCountry "ESP"]
[SourceTitle "Ajedrez en Madrid"]
[Source "lmi"]
[SourceDate "2017.09.17"]

1. e4 c5 2. d3 g6 3. Nf3 Bg7 4. g3 Nc6 5. Bg2 Nf6 6. Nbd2 O-O 7. O-O d5 8. Re1
Bg4 9. exd5 Nxd5 10. h3 Bd7 11. Nc4 Qc7 12. Ng5 e6 13. a4 Na5 14. Ra3 Nxc4 15.
dxc4 Nb6 16. b3 Rad8 17. Qe2 Bc6 18. Bf4 Qc8 19. Ne4 Nd7 20. Bd6 Rfe8 21. Qe3
Bd4 22. Qf4 Bxe4 23. Bxe4 Bg7 24. Qf3 Ne5 25. Bxe5 Bxe5 26. Bxb7 Qc7 27. Qc6
Rb8 28. Qxc7 Bxc7 29. Be4 Rbd8 30. Raa1 Rd2 31. Rad1 Red8 32. Bd3 Ba5 33. Rxd2
Bxd2 34. Rd1 Bc3 35. Kf1 f5 36. Be2 Rd2 37. Rxd2 Bxd2 38. Bf3 e5 39. Ke2 Bc3
40. Bd5+ Kf8 41. f3 Ke7 42. Kd3 Be1 43. g4 Kf6 44. Ke2 Bg3 45. Kf1 Kg5 46. Kg2
Kf4 47. gxf5 gxf5 48. Bg8 h6 49. Bh7 h5 50. Bg6 e4 51. fxe4 fxe4 52. Kf1 Ke3
53. Bf5 Kf4 54. Bg6 Ke3 55. Bf5 Kd4 56. Ke2 e3 57. Bd3 Bf2 1/2-1/2

[Event "22. Torneo de Otoño C.C.C. 2017"]
[Site "Colmenarejo ESP"]
[Date "2017.10.08"]
[Round "4.5"]
[White "Rodriguez Gomez, Jose"]
[Black "Orta Vazquez, Mario"]
[Result "1-0"]
[WhiteElo "1585"]
[BlackElo "1424"]
[PlyCount "93"]
[EventDate "2017.09.17"]
[EventType "swiss"]
[EventRounds "7"]
[EventCountry "ESP"]
[SourceTitle "Ajedrez en Madrid"]
[Source "lmi"]
[SourceDate "2017.09.17"]

1. e4 c6 2. d4 d5 3. exd5 cxd5 4. Nf3 Bf5 5. Bb5+ Nc6 6. O-O Nf6 7. Re1 e6 8.
c3 Bd6 9. Bg5 Bg4 10. h3 Bh5 11. Bd3 O-O 12. Nbd2 Bg6 13. Nf1 Bh5 14. Ng3 Bxg3
15. fxg3 h6 16. Bd2 Qb6 17. Rb1 Rac8 18. g4 Bg6 19. Bxg6 fxg6 20. g5 Ne4 21.
gxh6 e5 22. Be3 exd4 23. Nxd4 Qd8 24. hxg7 Rf6 25. Qg4 Nxd4 26. Bxd4 Rfc6 27.
Rbd1 Qg5 28. Qxg5 Nxg5 29. Re7 R6c7 30. Rxc7 Rxc7 31. Rf1 Ne6 32. Bxa7 Nxg7 33.
Rf6 Rc6 34. Rf2 Ra6 35. Bd4 Rxa2 36. b4 Ra1+ 37. Rf1 Rxf1+ 38. Kxf1 b5 39. g4
Kf7 40. Bxg7 Kxg7 41. Kf2 g5 42. Ke3 Kf6 43. Kd4 Ke6 44. Kc5 Ke5 45. Kxb5 Kd6
46. Kb6 Kd7 47. Kc5 1-0

[Event "22. Torneo de Otoño C.C.C. 2017"]
[Site "Colmenarejo ESP"]
[Date "2017.10.08"]
[Round "4.6"]
[White "Martin Andres, Carlos"]
[Black "Perez Rodrigo, Alicia"]
[Result "1-0"]
[WhiteElo "1559"]
[BlackElo "1377"]
[PlyCount "112"]
[EventDate "2017.09.17"]
[EventType "swiss"]
[EventRounds "7"]
[EventCountry "ESP"]
[SourceTitle "Ajedrez en Madrid"]
[Source "lmi"]
[SourceDate "2017.09.17"]

1. b3 f5 2. Bb2 Nf6 3. c4 e6 4. a3 c5 5. e3 Be7 6. Be2 O-O 7. Nc3 d6 8. b4 Nbd7
9. bxc5 Nxc5 10. d4 Nce4 11. f3 Nxc3 12. Bxc3 Bd7 13. Nh3 Rc8 14. Qd2 Qe8 15.
Rb1 b6 16. Bb4 Qg6 17. Bd3 Ne8 18. Qe2 Qh6 19. O-O Rf6 20. Bd2 Bd8 21. e4 Qh5
22. e5 dxe5 23. dxe5 Rf8 24. Bb4 Rf7 25. Rbd1 Bc7 26. Rfe1 Bb8 27. Qe3 h6 28.
Nf4 Qg5 29. Nd5 Qxe3+ 30. Nxe3 Bxe5 31. Nxf5 Bxh2+ 32. Kxh2 exf5 33. c5 Ba4 34.
Rc1 Rf6 35. Bc3 Rf8 36. cxb6 axb6 37. Bd4 Rxc1 38. Rxc1 b5 39. Rc5 Nd6 40. Be5
Rd8 41. Bxd6 Rxd6 42. Bxf5 Kf7 43. Rc3 Kf6 44. Be4 Rd4 45. Rc6+ Ke5 46. Rg6 Rd7
47. Kg3 Rc7 48. Kf2 Rc3 49. Rxg7 Rxa3 50. Rb7 Ra2+ 51. Kg3 Rb2 52. Bc6 Kd4 53.
Kg4 Kc5 54. Be8 Bc2 55. Rc7+ Kb4 56. Bd7 Rb3 1-0

[Event "22. Torneo de Otoño C.C.C. 2017"]
[Site "Colmenarejo ESP"]
[Date "2017.10.08"]
[Round "4.7"]
[White "Vazquez Rodriguez, Maria Elena"]
[Black "Serrano Martinez, Francisco Jose"]
[Result "0-1"]
[WhiteElo "1561"]
[BlackElo "1851"]
[PlyCount "56"]
[EventDate "2017.09.17"]
[EventType "swiss"]
[EventRounds "7"]
[EventCountry "ESP"]
[SourceTitle "Ajedrez en Madrid"]
[Source "lmi"]
[SourceDate "2017.09.17"]

1. d4 Nf6 2. c4 e5 3. Bg5 exd4 4. Qxd4 Be7 5. Nf3 O-O 6. e3 Nc6 7. Qd1 d5 8.
Nbd2 Bf5 9. a3 d4 10. Qb3 Ng4 11. h4 Na5 12. Qb5 c5 13. Bxe7 Qxe7 14. Nxd4 cxd4
15. Qxf5 dxe3 16. Ne4 exf2+ 17. Ke2 Nxc4 18. Qxg4 f5 19. Qg5 Qxe4+ 20. Kxf2
Qd4+ 21. Kg3 Nd2 22. Qf4 Qxb2 23. Bc4+ Kh8 24. Kh2 Nxc4 25. Qxc4 Qe5+ 26. g3
Rac8 27. Qb3 Rc3 28. Qxb7 Qxg3# 0-1

[Event "22. Torneo de Otoño C.C.C. 2017"]
[Site "Colmenarejo ESP"]
[Date "2017.10.08"]
[Round "4.8"]
[White "Garcia Fernandez, Jose Luis"]
[Black "Garcia Diaz, Alejandro"]
[Result "0-1"]
[WhiteElo "1759"]
[BlackElo "1763"]
[PlyCount "79"]
[EventDate "2017.09.17"]
[EventType "swiss"]
[EventRounds "7"]
[EventCountry "ESP"]
[SourceTitle "Ajedrez en Madrid"]
[Source "lmi"]
[SourceDate "2017.09.17"]

1. b3 d5 2. Bb2 Nf6 3. e3 Nc6 4. Bb5 a6 5. Bxc6+ bxc6 6. Nf3 Bg4 7. h3 Bh5 8.
d3 e6 9. Nbd2 Bb4 10. O-O Bxd2 11. Qxd2 Bxf3 12. gxf3 Nd7 13. f4 Rg8 14. Kh2 g5
15. Rg1 g4 16. f3 h5 17. Qf2 f5 18. Rg2 Qe7 19. Rh1 O-O-O 20. fxg4 hxg4 21.
hxg4 fxg4 22. Kg1 Rdf8 23. Qh4 Qc5 24. d4 Qa5 25. a4 g3 26. Re2 Nf6 27. Kg2 Ng4
28. Bc1 Qb4 29. Rh3 Nf6 30. Bd2 Qa3 31. Be1 Ne4 32. Bxg3 Nc3 33. Rf2 Nd1 34.
Re2 Qc1 35. Kf3 Nc3 36. Rh1 Rxg3+ 37. Kxg3 Nxe2+ 38. Kf3 Qd2 39. Qf2 Nxd4+ 40.
exd4 0-1

[Event "22. Torneo de Otoño C.C.C. 2017"]
[Site "Colmenarejo ESP"]
[Date "2017.10.08"]
[Round "4.9"]
[White "Dominguez Coig, Alvaro"]
[Black "Mataix Fernandez, Ricardo"]
[Result "1-0"]
[WhiteElo "1575"]
[BlackElo "1762"]
[PlyCount "107"]
[EventDate "2017.09.17"]
[EventType "swiss"]
[EventRounds "7"]
[EventCountry "ESP"]
[SourceTitle "Ajedrez en Madrid"]
[Source "lmi"]
[SourceDate "2017.09.17"]

1. e4 e5 2. Nf3 Nc6 3. Bb5 a6 4. Ba4 Nf6 5. O-O b5 6. Bb3 Be7 7. Re1 O-O 8. c3
d5 9. exd5 Nxd5 10. d4 exd4 11. Nxd4 Nxd4 12. Qxd4 c6 13. Nd2 Bf6 14. Qe4 g6
15. Nf1 Bb7 16. Bh6 Bg7 17. Bxg7 Kxg7 18. Rad1 Qg5 19. Bxd5 cxd5 20. Qe7 Qxe7
21. Rxe7 Rab8 22. Rde1 Bc8 23. Ra7 Rb6 24. Ree7 Be6 25. a3 Kf6 26. Nd2 Rd8 27.
Nb3 h5 28. Nd4 Ke5 29. Kf1 Kd6 30. Nxe6 fxe6 31. Rg7 Kc5 32. b3 d4 33. Rac7+
Rc6 34. Rxc6+ Kxc6 35. cxd4 Rxd4 36. Rxg6 Rd3 37. Rxe6+ Kd5 38. Re3 Kd4 39.
Rxd3+ Kxd3 40. f4 Ke4 41. g3 h4 42. Ke2 h3 43. Kf2 a5 44. Ke2 b4 45. axb4 axb4
46. Kf2 Kd4 47. f5 Kc3 48. f6 Kxb3 49. f7 Kc2 50. f8=Q b3 51. Qc5+ Kd3 52. Qb5+
Kc2 53. g4 b2 54. g5 1-0